[Event "Neckar op 1st"]
[Site "Deizisau"]
[Date "1997.??.??"]
[Round "1"]
[White "Ivanov, Mikhail M"]
[Black "Ferstl, Manfred"]
[Result "1-0"]
[WhiteElo "2500"]
[BlackElo "1885"]

1.Nf3 c5 2.c4 Nf6 3.Nc3 g6 4.d4 cxd4 5.Nxd4 Bg7 6.e4 d6 7.Be2 O-O 8.O-O Nc6
9.Be3 a6 10.Rc1 Bd7 11.Nb3 Ne5 12.Nd5 Nxd5 13.exd5 Ba4 14.Qd2 Bxb3 15.axb3 Nd7
16.b4 a5 17.bxa5 Qxa5 18.b4 Qa2 19.Rc2 Qb3 20.c5 dxc5 21.bxc5 Rfd8 22.c6 bxc6
23.dxc6 Nb6 24.Qc1 Ra1 25.c7 Rc8 26.Qd2 Rxf1+ 27.Bxf1 Nd5 28.Bc4 Qb1+ 29.Rc1 Qxc1+
30.Qxc1 Nxe3 31.Ba6  1-0

[Event "Neckar op 1st"]
[Site "Deizisau"]
[Date "1997.??.??"]
[Round "2"]
[White "Bagirov, Vladimir"]
[Black "Messner, Harry"]
[Result "1-0"]
[WhiteElo "2505"]
[BlackElo "2105"]

1.Nf3 Nf6 2.c4 c5 3.Nc3 d5 4.cxd5 Nxd5 5.g3 Nc6 6.Bg2 Nc7 7.a3 e5 8.b4 f6
9.bxc5 Ne6 10.O-O Bxc5 11.d3 O-O 12.Nd2 Bd4 13.Bb2 a6 14.Nb3 Na5 15.Nxd4 Nxd4
16.e3 Ndc6 17.Rc1 Be6 18.Ne4 Nb3 19.Rc3 Qb6 20.Qe2 Ne7 21.Nd2 Rac8 22.Nxb3 Bxb3
23.Rfc1 Rxc3 24.Rxc3 Bd5 25.Qc2 Bxg2 26.Kxg2 Qe6 27.a4 Rc8 28.Qb3  1-0

[Event "DEN-chT 9697"]
[Site "?"]
[Date "1997.??.??"]
[Round "6"]
[White "Larsen, Steen Skovlund"]
[Black "Christensen, Jan"]
[Result "1-0"]
[WhiteElo "2290"]
[BlackElo "2230"]

1.Nf3 Nf6 2.c4 c5 3.Nc3 e6 4.g3 b6 5.Bg2 Bb7 6.d4 cxd4 7.Qxd4 a6 8.Bg5 Be7
9.O-O d6 10.Bxf6 Bxf6 11.Qd3 O-O 12.Rad1 Be7 13.Ng5 Bxg5 14.Bxb7 Ra7 15.Be4 f5
16.Bg2 Rd7 17.f4 Bf6 18.e4 Bxc3 19.Qxc3 Qc7 20.exf5 Rxf5 21.Rfe1 Rf6 22.Rxe6 Rxe6
23.Bd5 Re7 24.f5 Nc6 25.fxe6 Ne5 26.Qd4 h5 27.h3 g6 28.Rf1 Kh7 29.a4 Rg7
30.Rf8 Qe7 31.Rf2 Qc7 32.Kg2 Re7 33.Rf8 Rg7 34.Qf4 Nd3 35.Rh8+  1-0

[Event "Dieren op"]
[Site "Dieren"]
[Date "1997.??.??"]
[Round "2"]
[White "Vakhidov, Tahir"]
[Black "Van Wessel, Rudy"]
[Result "1/2-1/2"]
[WhiteElo "2485"]
[BlackElo "2315"]

1.c4 Nf6 2.Nc3 c5 3.Nf3 g6 4.g3 Bg7 5.Bg2 O-O 6.O-O Nc6 7.d4 cxd4 8.Nxd4 Nxd4
9.Qxd4 d6 10.Qd3 Bf5 11.e4 Be6 12.b3 Nd7 13.Be3 a6 14.Rac1 Qa5 15.f4 Nc5
16.Qd2 Bxc3 17.Qxc3 Qxc3 18.Rxc3 Rac8 19.Rd1 a5 20.Bf3 Rc7 21.h4 f6 22.Re1 Rb8
23.g4 Nd7 24.Rec1 Rbc8 25.Bd2 a4 26.g5 fxg5 27.hxg5 axb3 28.axb3 Ra8 29.Be3 Ra3
30.Bd4 Nc5 31.Rb1 Bf7 32.e5 Ne6 33.Bb6 Rc8 34.exd6 exd6 35.Bd5 Nxg5 36.Bxb7 Rb8
37.fxg5 Rxb7 38.Bd4 Be6 39.Bf6 Kf7 40.Bd4 Bf5 41.Rb2 Ra1+  1/2-1/2

[Event "GER-ch U20 qual"]
[Site "Dortmund"]
[Date "1997.??.??"]
[Round "?"]
[White "Keller, Thomas"]
[Black "Ballo, Emanuel"]
[Result "0-1"]
[WhiteElo "2215"]
[BlackElo "2195"]

1.Nf3 c5 2.c4 Nf6 3.Nc3 b6 4.e3 e6 5.d4 cxd4 6.exd4 d5 7.Bf4 Bd6 8.Ne5 O-O
9.Bd3 dxc4 10.Bxc4 Bb7 11.O-O Nd5 12.Bxd5 Bxd5 13.Nxd5 exd5 14.Qf3 Bxe5 15.dxe5 Na6
16.Rad1 Nc7 17.Qg3 Ne6 18.Bd2 Qe7 19.f4 f5 20.exf6 Qxf6 21.Bb4 Rfd8 22.Qe3 d4
23.Qe5 Qxe5 24.fxe5 Rd5 25.Bd6 Rc8 26.Rf2 h6 27.Kf1 Ra5 28.a3 Rb5 29.b4 Rd5
30.Rfd2 b5 31.g3 Rc4 32.h4 Nd8 33.Bc5 Ne6 34.Bd6 Kf7 35.Ke2 Nd8 36.Rf1+ Ke6
37.Rf8 Nc6 38.Re8+ Kd7 39.Rg8 Nxe5 40.Bc5 d3+ 41.Kd1 Rg4 42.Bf2 Nc4 43.Ra2 d2
44.Rf8 Rxg3 45.Rf7+ Ke6 46.Rxa7 Rh3 47.Rxg7 Rxa3 48.Ra7 Rxa7 49.Bxa7 Rf5
50.Ke2 Re5+  0-1

[Event "ROM-ch op (Women)"]
[Site "Eforie Nord"]
[Date "1997.??.??"]
[Round "?"]
[White "Trofim, Georgiana"]
[Black "Baciu Ionescu, Otilia"]
[Result "0-1"]
[WhiteElo "2060"]
[BlackElo "2195"]

1.c4 Nf6 2.Nf3 e6 3.Nc3 c5 4.d4 cxd4 5.Nxd4 a6 6.e4 d6 7.Be2 Qc7 8.O-O Be7
9.Be3 b6 10.Qa4+ Nfd7 11.Bg4 O-O 12.f4 Nf6 13.Bf3 Bb7 14.f5 e5 15.Nde2 Rc8
16.Nd5 Bxd5 17.cxd5 b5 18.Qa3 Nbd7 19.Rac1 Qb7 20.g4 h6 21.Kh1 Nc5 22.Bxc5 dxc5
23.Qc3 Qc7 24.Rg1 Nh7 25.Ng3 Bg5 26.Rc2 Nf6 27.Nf1 Qe7 28.Ne3 c4 29.Ng2 b4
30.Qe1 b3 31.Re2 Nd7 32.h4 Bf4 33.a3 Nc5  0-1

[Event "RUS-Cup5"]
[Site "Ekaterinburg"]
[Date "1997.??.??"]
[Round "4"]
[White "Sorokin, Gerald K"]
[Black "Ibraev, Nurlan"]
[Result "1-0"]
[WhiteElo "2410"]
[BlackElo "2320"]

1.Nf3 Nf6 2.c4 c5 3.Nc3 e6 4.g3 b6 5.Bg2 Bb7 6.O-O Be7 7.d4 cxd4 8.Qxd4 d6
9.Bg5 a6 10.Bxf6 Bxf6 11.Qf4 Bxc3 12.bxc3 Bxf3 13.Bxf3 Ra7 14.Rfd1 Rd7 15.Rab1 O-O
16.Qd4 Qc8 17.Qxb6 Rfd8 18.Rb4 d5 19.cxd5 Rd6 20.Qb7 exd5 21.Rxd5 Rxd5 22.Bxd5 Qf5
23.Qe7 Qd7 24.Rb7  1-0

[Event "Schachschule Erlangen op"]
[Site "Erlangen"]
[Date "1997.??.??"]
[Round "5"]
[White "Nill, Oliver"]
[Black "Blum, Gernot"]
[Result "0-1"]
[WhiteElo "2048"]
[BlackElo "2130"]

1.c4 c5 2.Nc3 Nf6 3.Nf3 e6 4.g3 Nc6 5.Bg2 d5 6.cxd5 exd5 7.d4 Be7 8.O-O O-O
9.dxc5 Bxc5 10.Na4 Be7 11.Be3 Bf5 12.Bc5 Rc8 13.Rc1 Re8 14.Re1 h6 15.Bxe7 Qxe7
16.Nc3 Red8 17.Qa4 Ne4 18.Nd4 Nxc3 19.Rxc3 Nxd4 20.Rxc8 Rxc8 21.Qxd4 Rc2
22.Qxd5 Be6 23.Qe5 b6 24.Be4 Rc5 25.Qb8+ Rc8 26.Qe5 Qd7 27.b3 Qd2 28.Qa1 Bh3
29.Bd3 Qg5 30.Qd4 Rc1 31.Qb4 a5 32.f4 Qc5+ 33.Qxc5 Rxe1+ 34.Kf2 Rf1+ 35.Ke3 bxc5
36.Ke4 Be6 37.Ke5 g6 38.Kd6 Ra1 39.Bxg6 fxg6 40.Kxe6 Re1 41.Kd5 Rxe2 42.Kxc5 Rxa2
43.Kb5 Kf7 44.g4 Ke6 45.h3 Rb2 46.Ka4 Rh2 47.f5+ gxf5 48.gxf5+ Kxf5 49.Kb5 Rxh3
50.Kxa5 Rxb3  0-1

[Event "FRA-chT9697 groupe B"]
[Site "France"]
[Date "1997.??.??"]
[Round "1"]
[White "Dorfman, Josif D"]
[Black "Verdier, Patrice"]
[Result "1-0"]
[WhiteElo "2585"]
[BlackElo "2320"]

1.Nf3 Nf6 2.c4 c5 3.Nc3 e6 4.g3 b6 5.Bg2 Bb7 6.O-O Be7 7.b3 O-O 8.Bb2 d6
9.e3 Nbd7 10.d4 cxd4 11.exd4 d5 12.Ne5 Rc8 13.Rc1 Re8 14.Re1 Nf8 15.a3 Ba6
16.cxd5 exd5 17.Nxd5 Nxd5 18.Rxc8 Bxc8 19.Nc6 Qd6 20.Bxd5 Ne6 21.Bg2 Ng5
22.d5 Nh3+ 23.Bxh3 Bxh3 24.Qh5 Bd7 25.Ne5 g6 26.Qd1 Bf6 27.f4 Bb5  1-0

[Event "FRA-chT9697 groupe A"]
[Site "France"]
[Date "1997.??.??"]
[Round "2"]
[White "Lecuyer, Christian"]
[Black "Bouhallel, Rabah"]
[Result "1/2-1/2"]
[WhiteElo "2230"]
[BlackElo "2240"]

1.Nf3 Nf6 2.c4 c5 3.Nc3 e6 4.g3 b6 5.Bg2 Bb7 6.O-O Be7 7.Re1 O-O 8.e4 d6
9.d4 cxd4 10.Nxd4 Qc8 11.b3 a6 12.Bb2 Nbd7 13.Qe2 Re8 14.Rad1 Bf8 15.h3 Qc7
16.Nc2 Rad8 17.Kh2 g6 18.Ne3 h5 19.Kg1 Bg7 20.f4 Nc5 21.Nf1 d5 22.e5 Nfe4
23.Nxe4 dxe4 24.Rxd8 Rxd8 25.Rd1 Rxd1 26.Qxd1 Nd3 27.Bd4 h4 28.Qg4 Qd8 29.Be3 hxg3
30.Nxg3 Ne1 31.Qe2 Nxg2 32.Kxg2 Qc7 33.Kf2 Bf8 34.Qd2 Be7 35.Qd4 Bc5 36.Qd2 Be7
37.Qd4 Bc5  1/2-1/2

[Event "FRA-chT9697 groupe B"]
[Site "France"]
[Date "1997.??.??"]
[Round "4"]
[White "Dorfman, Josif D"]
[Black "Kozakov, Mikhail"]
[Result "1-0"]
[WhiteElo "2585"]
[BlackElo "2435"]

1.Nf3 Nf6 2.c4 g6 3.Nc3 c5 4.e4 Bg7 5.d4 cxd4 6.Nxd4 O-O 7.Be2 Nc6 8.Be3 Nxd4
9.Bxd4 d6 10.O-O Ne8 11.Rc1 Bxd4 12.Qxd4 Ng7 13.Rfd1 Be6 14.c5 dxc5 15.Qxc5 Qb6
16.Qxb6 axb6 17.Rd4 Bxa2 18.Rd7 Be6 19.Rxe7 Rfb8 20.Bb5 Kf8 21.Rc7 Ne8 22.Bxe8 Kxe8
23.f4 Ra5 24.b4 Rh5 25.Rd1 Ra8 26.Rxb7 Rc8 27.Nd5 Bxd5 28.exd5 Rd8 29.d6 Rb5
30.Rd4 Kf8 31.Kf2 Kg7 32.g4 h6 33.h4 g5 34.Kg3 Kf6 35.fxg5+ hxg5 36.hxg5+ Ke5
37.Rf4 Kxd6 38.Rbxf7 Rxg5 39.R4f6+ Kd5 40.Rxb6 Kc4 41.Rf4+ Kb3 42.Re6 Rd1
43.Ree4 Rdd5 44.b5 Rxb5  1-0

[Event "FRA-chT9697 groupe A"]
[Site "France"]
[Date "1997.??.??"]
[Round "6"]
[White "Relange, Eloi"]
[Black "Pira, Davoud"]
[Result "1-0"]
[WhiteElo "2480"]
[BlackElo "2345"]

1.Nf3 c5 2.c4 e6 3.Nc3 Nf6 4.g3 b6 5.Bg2 Bb7 6.O-O a6 7.Re1 d6 8.e4 e5 9.d3 Be7
10.Nd2 Nc6 11.f4 Nd7 12.Nf3 Nd4 13.Nd5 Nxf3+ 14.Qxf3 Bxd5 15.cxd5 O-O 16.Be3 Bf6
17.Rab1 Rc8 18.Rec1 b5 19.a3 Qe7 20.b4 Nb6 21.Qf2 Na4 22.Rc2 c4 23.dxc4 exf4
24.gxf4 Nc3 25.Rxc3 Bxc3 26.c5 a5 27.cxd6 Qxd6 28.Bc5 Qf6 29.Rd1 axb4 30.axb4 Rxc5
31.Qxc5 Bb2 32.Qe3 g5 33.fxg5 Qd6 34.Qc5 Qf4  1-0

[Event "Frydek-Mistek op-A"]
[Site "Frydek-Mistek"]
[Date "1997.??.??"]
[Round "3"]
[White "Shurygin, Sergey"]
[Black "Hrivnak, Martin"]
[Result "0-1"]
[WhiteElo "2365"]
[BlackElo "2155"]

1.c4 Nf6 2.Nc3 c5 3.Nf3 g6 4.d4 cxd4 5.Nxd4 Bg7 6.e4 O-O 7.Be2 Nc6 8.Be3 d6
9.O-O Bd7 10.Qd2 Ng4 11.Bxg4 Bxg4 12.f3 Bd7 13.Rad1 Rc8 14.b3 Re8 15.Nxc6 bxc6
16.c5 Be6 17.cxd6 exd6 18.Na4 c5 19.Nc3 Qa5 20.Nd5 Qa6 21.Nf4 c4 22.Nxe6 c3
23.Qd3 Qxd3 24.Rxd3 Rxe6 25.Rc1 f5 26.Bd4 fxe4 27.fxe4 Bxd4+ 28.Rxd4 Kf7
29.Kf2 Re5 30.Rxd6 Rxe4 31.Rd3 c2 32.Rd2 Ke6 33.Rdxc2 Rf8+ 34.Kg1 Rf7 35.h3 Ke5
36.Rc7 Ref4 37.R1c3 Rf1+ 38.Kh2 Kd4 39.R7c4+ Kd5 40.Rc7 Kd4 41.R3c4+ Ke3
42.R4c6 R1f2 43.a4 a5 44.Re6+ Kd4 45.Rd6+ Ke4 46.Rc4+ Ke3 47.Rc5 Rb2 48.Re5+ Kf2
49.Rxa5 Rxb3 50.Rd2+ Ke3 51.Ra2 Rfb7 52.Rg5 Rb2 53.Ra3+ Kf4 54.Rg4+ Kf5 55.a5 Ra7
56.a6 Rb6 57.Rga4 Kg5 58.Kg3 Kf5 59.Ra5+ Kf6 60.Kf3 Ke6 61.h4 h6 62.R3a4 Rb3+
63.Ke4 Rg3 64.Re5+ Kf6 65.Ra2 Rg4+ 66.Kd5 Rxh4 67.Re6+ Kf7 68.Rf2+ Kg7 69.Kc5 Ra4
70.Rff6 Ra5+ 71.Kb4 Rg5 72.Rf2 h5 73.Rb6 Kh6  0-1

[Event "Frydek-Mistek op-A"]
[Site "Frydek-Mistek"]
[Date "1997.??.??"]
[Round "7"]
[White "Ostrowski, Leszek"]
[Black "Krejci, Jakub"]
[Result "1-0"]
[WhiteElo "2355"]
[BlackElo "2125"]

1.Nf3 Nf6 2.c4 c5 3.Nc3 d5 4.cxd5 Nxd5 5.d4 cxd4 6.Qxd4 Nxc3 7.Qxc3 Nc6 8.e4 e6
9.Bb5 Bd7 10.O-O Qb6 11.a4 Qc5 12.Bd2 Qxc3 13.Bxc3 f6 14.Rfd1 a6 15.Bc4 Bb4
16.Bxb4 Nxb4 17.Rd6 Ke7 18.Rad1 Rad8 19.Rb6 Nc6 20.Re1 Na5 21.Ba2 Bc8 22.e5 f5
23.Rc1 Nc6 24.b4 Rd7 25.h3 Rhd8 26.Kh2 Rd1 27.Rc2 Kd7 28.Ng5 Kc7 29.a5 R8d2
30.Nxe6+ Bxe6 31.Rxd2 Rxd2 32.Bxe6 Rb2 33.Bxf5 g6 34.Be4 Rxb4 35.Rxb4 Nxb4
36.Kg3 b6 37.axb6+ Kxb6 38.Kf4 Kc5 39.Kg5 a5 40.e6 Kd6 41.Kf6 Na6 42.e7 Nc7
43.Kf7 a4 44.e8=N+ Ke5 45.Bc2 a3 46.Bb3 Nd5 47.h4 Nf4 48.g3 Nd3 49.Kg7 Nxf2
50.Kxh7 Ne4 51.g4 Kf4 52.Kxg6 Kxg4 53.h5 Kf4 54.h6 Nc5 55.Ba2 Nd7 56.Kg7  1-0

[Event "Arnold mem"]
[Site "Gausdal"]
[Date "1997.??.??"]
[Round "2"]
[White "Davies, Nigel R"]
[Black "Bergstrom, Rolf"]
[Result "1-0"]
[WhiteElo "2505"]
[BlackElo "2285"]

1.c4 c5 2.Nf3 Nf6 3.Nc3 e6 4.g3 d5 5.cxd5 Nxd5 6.Bg2 Nc6 7.O-O Be7 8.d4 O-O
9.e4 Nxc3 10.bxc3 b6 11.Rb1 Bb7 12.Bf4 Bd6 13.Bg5 Qc7 14.Qe2 h6 15.Be3 Nb8
16.Nd2 Nd7 17.e5 Be7 18.Ne4 Bd5 19.c4 Bb7 20.d5 Qxe5 21.Bf4 Qf5 22.d6 Bd8
23.Rfd1 Rb8 24.a4 e5 25.Bc1 Nf6 26.Nxf6+ Bxf6 27.Be3 Bxg2 28.Kxg2 Rfd8 29.Qf3 Qe6
30.Qd5 Qf5 31.a5 Bg5 32.Bxg5 Qxg5 33.axb6 axb6 34.Rb3 Qf6 35.Rf3 Qe6 36.Qxe6 fxe6
37.Re3 Rd7 38.Rxe5 Kf7 39.Re3 Rbd8 40.Rf3+ Kg6 41.Rfd3 e5 42.h4 Kf6 43.Rd5 Ke6
44.Re1 Rxd6 45.Rdxe5+ Kf6 46.g4 Rd4 47.Kg3 Kg6 48.Re6+ Kh7 49.Rxb6 Rxc4 50.Re7 h5
51.gxh5 Rd1 52.f3 Rg1+ 53.Kf2 Rcc1 54.Rc7 Rcf1+ 55.Ke3 Rg3 56.Rf7 Rh1 57.Kf2 Rgg1
58.h6 Rg6 59.Rxg6 Kxg6 60.Rxg7+ Kxh6 61.Rg4 Rh2+ 62.Kg3 Rd2 63.Re4 Rd5 64.Kg4 Kh7
65.Re7+ Kh6 66.Re6+ Kh7 67.Rc6 Kg7 68.f4 Kh7 69.f5 Rd1 70.Kg5 Rg1+ 71.Kf6 Rc1
72.Rc7+ Kh6 73.Rc8 Kh7 74.Ke7 c4 75.f6 Re1+ 76.Kf8 Re6 77.f7 Kg6 78.Kg8  1-0

[Event "Arnold mem"]
[Site "Gausdal"]
[Date "1997.??.??"]
[Round "7"]
[White "Rausis, Igors"]
[Black "Bergstrom, Rolf"]
[Result "0-1"]
[WhiteElo "2490"]
[BlackElo "2285"]

1.Nf3 Nf6 2.c4 c5 3.Nc3 e6 4.e4 Nc6 5.Be2 e5 6.O-O d6 7.a3 g6 8.b4 Bg7 9.Rb1 O-O
10.d3 h6 11.Nd5 b6 12.Bd2 Nxd5 13.cxd5 Nd4 14.Nxd4 exd4 15.f4 Kh7 16.g4 Qe7
17.Bf3 Ba6 18.Qb3 Rac8 19.b5 Bb7 20.Rbe1 Rce8 21.Re2 Bc8 22.Kg2 Qh4 23.Be1 Qd8
24.Bg3 f6 25.h4 Kh8 26.Rh1 f5 27.g5 hxg5 28.hxg5+ Kg8 29.a4 Rf7 30.Qc4 fxe4
31.dxe4 Ref8 32.Rh4 Be5 33.Qc1 Bxf4 34.Qh1 Qxg5 35.Bg4 Bxg4 36.Rh8+ Kg7 37.Rh7+ Kf6
38.Bxf4 Bh3+  0-1

[Event "Geneve op"]
[Site "Geneve"]
[Date "1997.??.??"]
[Round "6"]
[White "Dautov, Rustem"]
[Black "Lehtivaara, Petri"]
[Result "1-0"]
[WhiteElo "2590"]
[BlackElo "2365"]

1.Nf3 Nf6 2.c4 e6 3.Nc3 c5 4.g3 b6 5.Bg2 Bb7 6.O-O Be7 7.d4 cxd4 8.Qxd4 O-O
9.b3 d6 10.Bb2 a6 11.Rfd1 Nbd7 12.e4 Qc7 13.Qe3 Rfe8 14.Nd4 Rac8 15.h3 Bf8
16.Re1 Qb8 17.Rad1 Qa8 18.Kh2 Ne5 19.Qe2 Ng6 20.Qd2 h5 21.f4 h4 22.g4 Rcd8
23.f5 Ne5 24.g5 Nh5 25.g6 exf5 26.gxf7+ Nxf7 27.Nxf5 Ng3 28.Nd5 Bxd5 29.cxd5 Nxf5
30.exf5 Rxe1 31.Rxe1 Qc8 32.Re6 Rd7 33.Be4 Rc7 34.Qg2 Rc5 35.Bxg7  1-0

[Event "Geneve op"]
[Site "Geneve"]
[Date "1997.??.??"]
[Round "9"]
[White "Sher, Miron N"]
[Black "Minnebo, Alain"]
[Result "1-0"]
[WhiteElo "2470"]
[BlackElo "2280"]

1.c4 c5 2.Nf3 Nf6 3.Nc3 e6 4.e3 d5 5.d4 Nc6 6.cxd5 exd5 7.Bb5 Bd6 8.O-O O-O
9.dxc5 Bxc5 10.b3 Re8 11.Bb2 Bg4 12.Rc1 Bd6 13.Be2 a6 14.Nd4 Ne5 15.Nxd5 Nxd5
16.Bxg4 Nb4 17.Bf3 Nbd3 18.Rc2 Nxb2 19.Rxb2 Qf6 20.Rc2 Rad8 21.Qc1 Bc5 22.Bxb7 Bxd4
23.exd4 Nd3 24.Qd2 Rxd4 25.Rc8 Rxc8 26.Bxc8 Qd8 27.Bxa6 Nb4 28.Qe2 Rd2 29.Qb5 Nxa2
30.Qc5 Rd5 31.Qe3 Rd1 32.g3 Nb4 33.Bc4 Rxf1+ 34.Kxf1 Nc2 35.Qf3 Nd4 36.Qxf7+ Kh8
37.Qd5  1-0

[Event "Oberliga Sued W9697"]
[Site "GER"]
[Date "1997.??.??"]
[Round "?"]
[White "Eising, Johannes"]
[Black "Ritz, Thomas"]
[Result "1-0"]
[WhiteElo "2320"]
[BlackElo "2180"]

1.c4 Nf6 2.Nc3 e6 3.Nf3 c5 4.g3 b6 5.Bg2 Bb7 6.O-O Be7 7.Re1 O-O 8.e4 d6
9.d4 cxd4 10.Nxd4 a6 11.b3 Qc7 12.Bb2 Nbd7 13.Rc1 Rfe8 14.Kh1 Rad8 15.f4 Bf8
16.f5 exf5 17.Nd5 Qb8 18.Nxf5 Nxd5 19.Nh6+ Kh8 20.Nxf7+ Kg8 21.Nxd8  1-0

[Event "Oberliga Nord N9697"]
[Site "Germany"]
[Date "1997.??.??"]
[Round "?"]
[White "Buhr, Carl Christian"]
[Black "Giehring, Sebastian"]
[Result "1-0"]
[WhiteElo "2265"]
[BlackElo "2235"]

1.Nf3 Nf6 2.c4 c5 3.Nc3 e6 4.g3 b6 5.Bg2 Bb7 6.O-O Be7 7.Re1 Ne4 8.Qc2 Nxc3
9.bxc3 d6 10.e4 Nc6 11.d3 O-O 12.Nd2 Bf6 13.Rb1 g6 14.Nf1 Bg7 15.f4 Qd7 16.Bb2 Ne7
17.d4 cxd4 18.cxd4 Rac8 19.d5 Bxb2 20.Qxb2 Rxc4 21.Ne3 exd5 22.Nxc4 dxc4
23.Qd4 Qc6 24.Re2 Qc5 25.Rd1 Nc6 26.Qxc5 dxc5 27.e5 Ba8 28.Bxc6 Bxc6 29.Kf2 Ba4
30.Rc1 Rd8 31.Ke1 c3 32.Rxc3 Rd1+ 33.Kf2 Bb5 34.Rb2 Bc6 35.Ra3 c4 36.Rxa7 c3
37.Rc2 Bd5 38.Ke3 Rh1 39.Kd4 Be6 40.Kxc3  1-0

[Event "Oberliga Nord N9697"]
[Site "Germany"]
[Date "1997.??.??"]
[Round "?"]
[White "Krause, Ullrich"]
[Black "Giehring, Sebastian"]
[Result "1-0"]
[WhiteElo "2270"]
[BlackElo "2235"]

1.c4 c5 2.Nc3 e6 3.Nf3 Nf6 4.g3 b6 5.Bg2 Bb7 6.O-O Be7 7.b3 O-O 8.Bb2 a6
9.e3 d6 10.Qe2 Nbd7 11.Rac1 Ra7 12.d3 Qa8 13.e4 b5 14.Nh4 Ne8 15.f4 Bf6 16.Nf3 b4
17.Nd1 Bxb2 18.Qxb2 a5 19.Ne3 a4 20.Rc2 axb3 21.axb3 Ra3 22.h4 Qa5 23.h5 h6
24.g4 Nef6 25.e5 dxe5 26.Nxe5 Bxg2 27.Rxg2 Nxe5 28.Qxe5 Ra2 29.g5 Rxg2+ 30.Nxg2 Nxh5
31.gxh6 g6 32.f5 exf5 33.Nf4 Qd8 34.Nxh5 Qg5+ 35.Ng3 Qxh6 36.Kg2 Ra8 37.Rf2 Ra1
38.Qxa1  1-0

[Event "BL2-S9798"]
[Site "Germany"]
[Date "1997.??.??"]
[Round "?.2"]
[White "Ivanov, Mikhail M"]
[Black "Panzalovic, Srdjan"]
[Result "0-1"]
[WhiteElo "2445"]
[BlackElo "2415"]

1.Nf3 c5 2.c4 Nf6 3.Nc3 e6 4.d4 cxd4 5.Nxd4 Bb4 6.Nc2 Bxc3+ 7.bxc3 O-O 8.Ba3 Re8
9.g3 Qc7 10.Ne3 Na6 11.Bg2 Nc5 12.Qd4 d6 13.Rd1 Qa5 14.Bb4 Qxa2 15.Qxd6 Na6
16.O-O Nxb4 17.cxb4 Qxe2 18.Rfe1 Qh5 19.Nd5 exd5 20.Bxd5 Bg4 21.Bxb7 Bxd1
22.Rxd1 Rab8 23.Bc6 Ng4 24.h4 Qf5 25.f3 Ne5 26.Bxe8 Nxf3+ 27.Kg2 Rxe8 28.Qd8 Qe4
29.Kh3 h5 30.Qd7  0-1

[Event "Oberliga Nord O9798"]
[Site "Germany"]
[Date "1997.??.??"]
[Round "?"]
[White "Bagirov, Vladimir"]
[Black "Seils, Joerg"]
[Result "1-0"]
[WhiteElo "2495"]
[BlackElo "2370"]

1.Nf3 Nf6 2.c4 e6 3.Nc3 c5 4.e3 Be7 5.d4 O-O 6.d5 d6 7.Be2 a6 8.a4 e5 9.e4 Re8
10.O-O Bf8 11.a5 g6 12.Ne1 Nbd7 13.Nd3 h6 14.Be3 Rb8 15.Qd2 Kh7 16.f3 Nh5
17.g4 Nhf6 18.Na4 Ng8 19.b4 cxb4 20.Qxb4 f5 21.c5 dxc5 22.Naxc5 Nxc5 23.Nxc5 Nf6
24.h3 Bd6 25.Rac1 Qe7 26.Qd2 f4 27.Bf2 h5 28.Kg2 Kg7 29.Qa2 hxg4 30.hxg4 Rh8
31.Rh1 Rxh1 32.Kxh1 Bd7 33.Ne6+ Bxe6 34.dxe6 Ne8 35.Kg2 Nc7 36.Bc4 Rh8 37.Rb1 Kf6
38.Rh1 Rxh1 39.Kxh1 Nxe6 40.Kg2 Nd4 41.Bd5 Qc7 42.Qb2 Nb5 43.Qa1 Bb4 44.Qh1 Kg7
45.g5  1-0

[Event "BL2-S9697"]
[Site "Germany"]
[Date "1997.??.??"]
[Round "?.1"]
[White "Schwalfenberg, Joerg"]
[Black "Zeller, Frank"]
[Result "0-1"]
[WhiteElo "2320"]
[BlackElo "2425"]

1.Nf3 Nf6 2.c4 c5 3.Nc3 b6 4.e4 Nc6 5.d4 cxd4 6.Nxd4 Bb7 7.Nc2 e6 8.Be3 Ne5
9.f3 Rc8 10.b3 d6 11.Be2 Be7 12.O-O O-O 13.Rc1 a6 14.Nd4 Re8 15.f4 Ned7 16.Bf3 Bf8
17.Nde2 Rc7 18.g4 Qa8 19.Ng3 Nc5 20.Bxc5 Rxc5 21.g5 Nd7 22.a4 Rc7 23.f5 Ne5
24.Bg2 Bc6 25.Rf4 Qd8 26.h4 b5 27.axb5 axb5 28.cxb5 Bxb5 29.fxe6 fxe6 30.Bf1 Bxf1
31.Rxf1 h6 32.Qd2 hxg5 33.hxg5 Be7 34.Rc2 Bxg5 35.Qg2 Be3+ 36.Kh2 g6 37.Qe2 Qc8
38.Qe1 Bd4 39.Nge2 Ng4+ 40.Kg3 Ne3  0-1

[Event "Landesliga Sued 9697 Bayern"]
[Site "Germany"]
[Date "1997.??.??"]
[Round "?"]
[White "Droletz, Juergen"]
[Black "Bromberger, Stefan"]
[Result "0-1"]
[WhiteElo "2155"]
[BlackElo "2140"]

1.Nf3 Nf6 2.c4 c5 3.Nc3 b6 4.g3 Bb7 5.Bg2 e6 6.O-O Be7 7.d4 cxd4 8.Qxd4 d6
9.Rd1 O-O 10.b3 Nbd7 11.e4 Qc8 12.Qe3 a6 13.Bb2 Qc7 14.h3 Rac8 15.Ne1 Qb8
16.Nd3 Qa8 17.Re1 Rfd8 18.Rad1 Bf8 19.Kh2 Nc5 20.Qe2 Qb8 21.Rd2 Nxd3 22.Rxd3 Bc6
23.Rd2 Nd7 24.f4 b5 25.cxb5 axb5 26.Nd1 b4 27.Ne3 Bb5 28.Qd1 Qb6 29.Rc2 Qa6
30.Rd2 Nc5 31.Ba1 Nd3 32.Rg1 Rc1 33.Qf3 Rdc8 34.Rxc1 Rxc1 35.Rd1 Qxa2 36.Rxc1 Nxc1  0-1

[Event "Landesliga Nord 9697 Bayern"]
[Site "Germany"]
[Date "1997.??.??"]
[Round "?"]
[White "Muenster, Erich"]
[Black "Bunk, Karsten"]
[Result "0-1"]
[WhiteElo "2065"]
[BlackElo "2100"]

1.Nf3 c5 2.c4 Nf6 3.Nc3 d5 4.cxd5 Nxd5 5.g3 Nc6 6.Bg2 Nc7 7.O-O g6 8.b3 Bg7
9.Ba3 b6 10.Rc1 Bb7 11.Bb2 O-O 12.Na4 Nd4 13.Nxd4 Bxg2 14.Kxg2 cxd4 15.e4 Ne6
16.d3 Qd6 17.Ba1 Rac8 18.Qd2 b5 19.Nb2 Qa3 20.Rxc8 Rxc8 21.Nd1 Rc6 22.Re1 Qc1
23.Qxc1 Rxc1 24.Bb2 Rc2 25.Kf1 Rd2 26.b4 Nd8 27.e5 Nc6 28.f4 Nxb4 29.Bc1 Rxa2
30.Nf2 a5 31.Rd1 Nd5 32.Rd2 Ra1 33.Rd1 f6 34.e6 f5 35.Ke2 Nc3+  0-1

[Event "Oberliga Nord O9798"]
[Site "Germany"]
[Date "1997.??.??"]
[Round "?"]
[White "Baumbach, Friedrich"]
[Black "Brustkern, Juergen"]
[Result "0-1"]
[WhiteElo "2330"]
[BlackElo "2210"]

1.c4 Nf6 2.Nf3 c5 3.Nc3 b6 4.d4 cxd4 5.Nxd4 Bb7 6.f3 d6 7.e4 e6 8.Be3 Be7
9.Be2 O-O 10.O-O a6 11.Qd2 Nbd7 12.Rfd1 Rc8 13.Rac1 Qc7 14.Qe1 Qb8 15.Qf2 Rfe8
16.Bf1 Bd8 17.Nc2 Bc7 18.g3 Ne5 19.Bd4 Nfd7 20.f4 Ng4 21.Qe2 e5 22.Qxg4 Nf6
23.Qh4 exd4 24.Nxd4 Nxe4 25.Nd5 Bd8 26.Qg4 b5 27.Nf5 g6 28.Rc2 Bxd5 29.Rxd5 Nf6
30.Nh6+ Kf8 31.Qf3 Bb6+ 32.Kg2 Nxd5 33.Qxd5 Qc7 34.Rd2 Kg7 35.Ng4 h5 36.Nf2 bxc4
37.Qxd6 Qb7+ 38.Qd5 Qc7 39.Rc2 Red8 40.Qxc4 Qb7+  0-1

[Event "Landesliga Nord 9697 Bayern"]
[Site "Germany"]
[Date "1997.??.??"]
[Round "?"]
[White "Gerstorfer, Werner"]
[Black "Mueller, Ralf"]
[Result "1-0"]
[WhiteElo "2005"]
[BlackElo "1990"]

1.Nf3 c5 2.c4 Nf6 3.Nc3 g6 4.g3 Bg7 5.Bg2 Nc6 6.a3 d6 7.Rb1 Bf5 8.d3 Qd7
9.b4 cxb4 10.axb4 Bh3 11.O-O Bxg2 12.Kxg2 O-O 13.Qb3 Ng4 14.h3 Nge5 15.Nxe5 dxe5
16.Bb2 Nd4 17.Qd1 f5 18.Nd5 e6 19.Bxd4 exd4 20.Nf4 g5 21.Nh5 Bh6 22.g4 Qc6+
23.f3 f4 24.Ra1 Kf7 25.Ra5 a6 26.Qa1 Rad8 27.Qa2 Kg6 28.Rb1 b6 29.Rxa6 Ra8
30.Ra1 Rxa6 31.Qxa6 Rb8 32.Qa4 Qd6 33.Qb5 Bf8 34.Ra7 Rd8 35.Rb7 h6 36.Rxb6 Qe7
37.Qc6 Rd6 38.Qe4+ Kf7 39.Rb7 Rd7 40.Qh7+ Ke8 41.Nf6+  1-0

[Event "BL2-O9798"]
[Site "Germany"]
[Date "1997.??.??"]
[Round "1.8"]
[White "Wichmann, Cliff"]
[Black "Olbrich, Joachim"]
[Result "1-0"]
[WhiteElo "2230"]
[BlackElo "2330"]

1.Nf3 c5 2.c4 Nf6 3.Nc3 g6 4.d4 cxd4 5.Nxd4 Bg7 6.e4 d6 7.Be2 O-O 8.O-O Nc6
9.Be3 Bd7 10.Rc1 Nxd4 11.Bxd4 Bc6 12.Bf3 Bh6 13.Rc2 Nd7 14.Nd5 Ne5 15.Be2 Bxd5
16.exd5 Nd7 17.Re1 Re8 18.Rc3 Bg7 19.Bxg7 Kxg7 20.Qd4+ Kg8 21.Re3 Qb6 22.Qd2 Nf8
23.Bg4 Qc7 24.Qd4 a6 25.a3 b6 26.h4 Ra7 27.h5 b5 28.h6 f6 29.cxb5 axb5 30.Rc3 Qb8
31.Rec1 Ra4 32.b4 Qa7 33.Qd3 Qb6 34.Rc6 Qa7 35.Rc8 Rxa3 36.Rxe8 Kf7 37.Qxb5 f5
38.Be2 Nd7 39.Rh8 Ra1 40.Rxh7+ Kf6 41.Rxa1 Qxa1+ 42.Bf1 Qa7 43.Qc6 g5 44.Qc8  1-0

[Event "Karsten Kold op"]
[Site "Gistrup"]
[Date "1997.??.??"]
[Round "3"]
[White "Sher, Miron N"]
[Black "Aagaard, Jacob"]
[Result "1/2-1/2"]
[WhiteElo "2425"]
[BlackElo "2435"]

1.c4 Nf6 2.Nc3 c5 3.Nf3 e6 4.g3 b6 5.Bg2 Bb7 6.O-O a6 7.b3 d6 8.Re1 Be7 9.e4 O-O
10.d4 cxd4 11.Nxd4 Qc7 12.Bb2 Nbd7 13.Qd2 Rfe8 14.Re2 Bf8 15.Rae1 Rad8 16.h3 Qb8
17.Kh2  1/2-1/2

[Event "Dov Porath mem"]
[Site "Givatayim"]
[Date "1997.??.??"]
[Round "6"]
[White "Tsesarsky, Ilya"]
[Black "Greenfeld, Alon"]
[Result "0-1"]
[WhiteElo "2390"]
[BlackElo "2520"]

1.Nf3 c5 2.c4 Nf6 3.Nc3 e6 4.g3 b6 5.Bg2 Bb7 6.O-O Be7 7.d4 cxd4 8.Qxd4 d6
9.b3 Nbd7 10.Nb5 Nc5 11.Rd1 Nfe4 12.Qxg7 Bf6 13.Qh6 Bxa1 14.Ng5 Be5 15.b4 Nc3
16.Nxc3 Bxg2 17.bxc5 Bxc3 18.Kxg2 Qf6 19.Qxf6 Bxf6 20.Ne4 Bg7 21.Nxd6+ Ke7
22.c6 Be5 23.Ba3 Bxd6 24.Rxd6 Rhc8 25.Rd7+ Kf6 26.Bb2+ Kg6 27.c7 a6 28.Be5 b5
29.c5 b4 30.g4 f6 31.Bd6 a5 32.h4 h5 33.Kg3 a4 34.e4 b3 35.f4 hxg4 36.f5+ exf5
37.Kf4 fxe4 38.h5+ Kxh5 39.Kf5 Rh8 40.Bf4 g3 41.Rd1 g2 42.axb3 axb3 43.Rb1 b2
44.Be3 Ra2 45.Bd4 Rc8  0-1